1766 1112 1524 1701 1655 1235 1690 1570 1367 1275 1972 1324 1788 1047 1305 1526 1332 1913 1758 1365 1888 1509 1009 1046 1117 1667 1924 1152 1384 1208 1127 1761 1372 1316 1287 1543 1281 1753 1130 1667 1120 1336 1324 1756 1689 1397 1698 1275 1831 1199 1272 1293 1794 1844 1845 1172 1843 1009 1999 1875 1729 1503 1430 1496 1370 1378 1437 1196 1717 1156 1550 1525 1838 1560 1299 1522 1707 1455 1804 1398 1646 1816 1448 1314 1051 1725 1799 1995 1785 1473 1990 1112 1020 1834 1518 1997 1007 1247 1824 BCNSPRNW ULIB Ver.6.0+V

เปลี่ยนเป็นภาษาไทย

Change to English
 แสดงรายละเอียดบรรณานุกรม
  กลับหน้าหลัก

Brief Record : Get Marc (ISO 2709) : E-mail record : QR code < ปิดหน้าต่าง
LEADER : 00000nam 2200000uu 4500
001    13399126572
003     ULIB
008    020711s2561 th a 000 0 tha d
020    ^a9786161136857
060    ^aWQ440^bค695
110    ^aสำนักงานกองทุนสนับสนุนการสร้างเสริมสุขภาพ
245    ^aคู่มือมาตรฐานการปฏิบัติงานเพื่อการยุติการตั้งครรภ์ที่ปลอดภัยแบบองค์รวม(Standard of Practice for Comprehensive Safe Abortion Care)
250    ^aพิมพ์ครั้งที่ 1
260    ^aกรุงเทพฯ :^bบริษัืท เฌอมาศ จำกัด,^c2561
300    ^a129 หน้า;^b28 ซม.
650    ^aPractice
945    ^p0^l0^i004773
999    ^aประนอม เกษจรัล
รายการนี้ยังไม่มีแท็ก
คุณยังไม่ได้ล็อกอิน คุณสามารถมีกิจกรรมร่วมกับเว็บไซต์ได้ แต่ต้องล็อกอินก่อน ::
  ล็อกอิน

รายการสื่อสารสนเทศ

ลำดับที่ ประเภท เลขเรียก/บาร์โค้ด สถานที่ สถานะ
1. วิทยาศาสตร์การแพทย์ และสุขภาพ
วิทยาศาสตร์การแพทย์ และสุขภาพ
WQ440 ค695 ฉ.1 
  Barcode: 004773
ห้องสมุดวิทยาเขตสวรรค์ประชารักษ์
►หนังสือทั่วไป
บนชั้น

รายการใกล้เคียง
    หัวเรื่อง [Practice]

BibComment


ยังไม่เคยถูกคอมเมนท์

คอมเมนท์ทรัพยากรรายการนี้
  คอมเมนท์: คู่มือมาตรฐานการ..


 Copyright 2026. Bcnsprnw @Library